Wittgenstein (Record no. 5771)
[ view plain ]
| 000 -LEADER | |
|---|---|
| fixed length control field | 00556nam a2200241Ia 4500 |
| 003 - CONTROL NUMBER IDENTIFIER | |
| control field | 0100 |
| 008 - FIXED-LENGTH DATA ELEMENTS--GENERAL INFORMATION | |
| fixed length control field | 130227s9999 xx 000 0 und d |
| 020 ## - INTERNATIONAL STANDARD BOOK NUMBER | |
| International Standard Book Number | 9781844651894 |
| 040 ## - CATALOGING SOURCE | |
| Transcribing agency | ARRUPELIB |
| 050 ## - LIBRARY OF CONGRESS CALL NUMBER | |
| Classification number | B3376.W563W831 2010 |
| 245 ## - TITLE STATEMENT | |
| Title | Wittgenstein |
| 260 ## - PUBLICATION, DISTRIBUTION, ETC. (IMPRINT) | |
| Place of publication, distribution, etc | Durham |
| 260 ## - PUBLICATION, DISTRIBUTION, ETC. (IMPRINT) | |
| Name of publisher, distributor, etc | Acumen |
| 260 ## - PUBLICATION, DISTRIBUTION, ETC. (IMPRINT) | |
| -- | 2010 |
| 300 ## - PHYSICAL DESCRIPTION | |
| Extent | ix |
| 300 ## - PHYSICAL DESCRIPTION | |
| Other physical details | 214p 21cm |
| 440 ## - SERIES STATEMENT/ADDED ENTRY--TITLE | |
| Title | Ken concepts |
| 650 ## - SUBJECT ADDED ENTRY--TOPICAL TERM | |
| Topical term following geographic name as entry element | Political ethics |
| 650 ## - SUBJECT ADDED ENTRY--TOPICAL TERM | |
| Location of event | Christianity and politics |
| 650 ## - SUBJECT ADDED ENTRY--TOPICAL TERM | |
| Active dates | Social values |
| 700 ## - ADDED ENTRY--PERSONAL NAME | |
| Personal name | Jolley, Kelly Dean (ed) |
| 942 ## - ADDED ENTRY ELEMENTS (KOHA) | |
| Source of classification or shelving scheme | Library of Congress Classification |
| Koha issues (borrowed), all copies | 2 |
| Withdrawn status | Lost status | Source of classification or shelving scheme | Damaged status | Not for loan | Collection code | Home library | Current library | Shelving location | Date acquired | Total Checkouts | Full call number | Barcode | Date last seen | Date last borrowed | Copy number | Price effective from | Koha item type |
|---|---|---|---|---|---|---|---|---|---|---|---|---|---|---|---|---|---|
| Library of Congress Classification | Main Collection | ARRUPE LIBRARY | ARRUPE LIBRARY | 27/02/2013 | 5 | B3376.W563W831 2010 | 46407803 | 03/05/2018 | 24/04/2018 | 1 | 27/02/2013 | Monograph ( Printed materials) |